000 004300000a22001690004500
041 0 _aENG
082 0 4 _aG 266.38 B236q
100 1 _aBarbieri, Sante Uberto
245 1 0 _aLand of El Dorado / Sante Uberto Barbieri
260 _aNew York, USA : Friendship
300 _a161 Pag
001 10712
942 _cBK
999 _c40175
_d40175
336 _atexto
_btxt
_2rdacontent
337 _2rdamedia
_asin mediación
_bn
338 _2rdacarrier
_avolumen
_bnc